000 00689nam a2200205 i 4500
001 184039
003 ES-MaACL
005 20231115131702.0
008 150224s2014 sp | |||||||| | spa d
080 _a821.134.2-22"19"
100 1 _aVida Arredondo, Joaquín (
_d1944-)
_9156437
245 1 3 _aEl escabroso secreto de la princesa tuerta /
_cJoaquín Vida.
260 _a[Granada] :
_bE. J. Vida Arredondo,
_cD.L. 2014 (
_eGranada :
_fImprenta del Arco)
300 _a164 p. ;
_c21 cm.
490 1 _aRomper el cerco
830 0 _aRomper el cerco
_9225031
852 _aES-MaACL
_jA-13413
_9191005
_bR.150284
_cDEPO1
_dOlim: N-6413
942 _2udc
_cMONOGRAFIA
999 _c184039
_d184039